Catálogo

El narcotráfico y su combate : (Registro nro. 61495)

Detalles MARC
000 -LEADER
fixed length control field 00822nam a2200241 u 4500
001 - CONTROL NUMBER
control field 61495
005 - DATE AND TIME OF LATEST TRANSACTION
control field 20180714063138.0
008 - FIXED-LENGTH DATA ELEMENTS--GENERAL INFORMATION
fixed length control field 141006s2009 mx r 000 0 spa d
020 ## - INTERNATIONAL STANDARD BOOK NUMBER
International Standard Book Number 978-607-7744-64-1
082 0# - DEWEY DECIMAL CLASSIFICATION NUMBER
Classification number 364.177
Item number MAI
100 1# - MAIN ENTRY--PERSONAL NAME
Personal name Maihold, Günter,
Relator term editor
245 13 - TITLE STATEMENT
Title El narcotráfico y su combate :
Remainder of title sus efectos sobre las relaiones internacionales /
Statement of responsibility, etc. Günter Maihold.
250 ## - EDITION STATEMENT
Edition statement Primera edición
264 #1 - PRODUCTION, PUBLICATION, DISTRIBUTION, MANUFACTURE, AND COPYRIGHT NOTICE
Place of production, publication, distribution, manufacture México :
Name of producer, publisher, distributor, manufacturer Konrad Adenauer Stiftung,
Date of production, publication, distribution, manufacture, or copyright notice 2014
300 ## - PHYSICAL DESCRIPTION
Extent 299 páginas ; :
Other physical details 21 cm.
336 ## - CONTENT TYPE
Content type term texto
Source rdacontent
337 ## - MEDIA TYPE
Media type term sin mediación
Source rdamedia
338 ## - CARRIER TYPE
Carrier type term volumen
Source rdacarrier
650 #0 - SUBJECT ADDED ENTRY--TOPICAL TERM
Topical term or geographic name entry element Narcotrafico
Geographic subdivision América Latina
650 #0 - SUBJECT ADDED ENTRY--TOPICAL TERM
Topical term or geographic name entry element Criminología
General subdivision Internacional
650 #0 - SUBJECT ADDED ENTRY--TOPICAL TERM
Topical term or geographic name entry element Política mundial
Geographic subdivision América Latina
700 1# - ADDED ENTRY--PERSONAL NAME
Personal name Jost, Stefan,
Relator term editor
Existencias
Withdrawn status Lost status Source of classification or shelving scheme Damaged status Not for loan Collection code Home library Current library Shelving location Date acquired Source of acquisition Inventory number Total Checkouts Full call number Barcode Date last seen Date last checked out Price effective from Koha item type
    Dewey Decimal Classification     General Biblioteca Karol Wojtyla Biblioteca Karol Wojtyla Sala general 06/10/2014 Compra 151000000000000000047551 1 364.177 MAI 2014 92422 05/01/2026 27/11/2019 06/10/2014 Libro